Państwa, w których jest najwięcej miliarderów - Statystyki

Ogólne statystyki
  • Ten quiz został rozwiązany 51 320 razy
    51 167 od ostatniego zresetowania
  • Średni wynik to 16 z 23
Statystyki odpowiedzi
# Kraj % Poprawnych
585 Stany Zjednoczone
99%
476 Chiny
97%
96 Rosja
95%
114 Niemcy
93%
38 Francja
92%
25 Hiszpania
87%
39 Kanada
87%
33 Japonia
86%
43 Brazylia
83%
54 Wielka Brytania
83%
131 Indie
79%
42 Wlochy
78%
15 Meksyk
75%
33 Australia
71%
31 Szwecja
67%
38 Korea Poludniowa
63%
36 Szwajcaria
61%
29 Turcja
54%
20 Indonezja
47%
21 Singapur
35%
20 Tajlandia
33%
18 Izrael
31%
31 Tajwan
27%
Nie znaleziono quizów pasujących do podanych kryteriów
Rozkład punktacji
Procent ludzi z każdym wynikiem
Percentyl według liczby udzielonych odpowiedzi
Twoja historia wyników
Nie rozwiązałeś tego quizu od ostatniego zresetowania